00357 a2200133 4500003000400000005001700004008004100021040000900062082001500071100002800086245006800114260003200182300000900214OSt20240111112956.0240111b |||||||| |||| 00| 0 eng d coclc a297bAKH/V aAkhl, Nasir Abdulkareem aVahabism; midhyayum yadharthyavum /cDr. Nasir Abdulkareem Akhl aKerala:bDa'wa books,c2008 a148p